Les sous-préfectures sans .... ou avec... (4) - Statistiques

Statistiques générales
  • Ce quiz a été pris 29 fois
  • Le résultat moyen est 83 sur 111
Statistiques - réponses
Hint Réponse % Correct
Ne commence pas par G mais avec au moins un G | Ne commence pas par L mais avec au moins un L Boulogne-sur-Mer
94%
Ne commence pas par G mais avec au moins un G | Ne commence pas par L mais avec au moins un L Brive-la-Gaillarde
94%
Ne commence pas par L mais avec au moins un L Mulhouse
94%
Ne commence pas par L mais avec au moins un L Altkirch
89%
Ne commence pas par G mais avec au moins un G | Ne commence pas par L mais avec au moins un L Argenteuil
89%
Ne commence pas par L mais avec au moins un L Arles
89%
Ne commence pas par G mais avec au moins un G | Ne commence pas par L mais avec au moins un L Boulogne-Billancourt
89%
Ne commence pas par L mais avec au moins un L Calvi
89%
Ne commence pas par L mais avec au moins un L Châtellerault
89%
Ne commence pas par L mais avec au moins un L Dole
89%
Ne commence pas par L mais avec au moins un L Montluçon
89%
Ne commence pas par L mais avec au moins un L Pontarlier
89%
Ne commence pas par G mais avec au moins un G | Ne commence pas par L mais avec au moins un L Villefranche-de-Rouergue
89%
Ne commence pas par L mais avec au moins un L Abbeville
83%
Ne commence pas par L mais avec au moins un L Avallon
83%
Ne commence pas par L mais avec au moins un L Barcelonnette
83%
Ne commence pas par L mais avec au moins un L Belley
83%
Ne commence pas par L mais avec au moins un L Castellane
83%
Ne commence pas par L mais avec au moins un L Charolles
83%
Ne commence pas par G mais avec au moins un G Compiègne
83%
Ne commence pas par L mais avec au moins un L Fontainebleau
83%
Ne commence pas par L mais avec au moins un L Millau
83%
Ne commence pas par L mais avec au moins un L Montbéliard
83%
Ne commence pas par G mais avec au moins un G Saint-Girons
83%
Ne commence pas par G mais avec au moins un G | Ne commence pas par L mais avec au moins un L Saint-Jean-d'Angély
83%
Ne commence pas par L mais avec au moins un L Saint-Malo
83%
Ne commence pas par L mais avec au moins un L Sarlat-la-Canéda
83%
Ne commence pas par L mais avec au moins un L Senlis
83%
Ne commence pas par L mais avec au moins un L Ussel
83%
Ne commence pas par L mais avec au moins un L Villefranche-sur-Saône
83%
Ne commence pas par L mais avec au moins un L Villeneuve-sur-Lot
83%
Ne commence pas par L mais avec au moins un L Albertville
78%
Ne commence pas par L mais avec au moins un L Alès
78%
Ne commence pas par G mais avec au moins un G Argentan
78%
Ne commence pas par G mais avec au moins un G Brignoles
78%
Ne commence pas par L mais avec au moins un L Castelsarrasin
78%
Ne commence pas par L mais avec au moins un L Châteaulin
78%
Ne commence pas par G mais avec au moins un G Cherbourg-en-Cotentin
78%
Ne commence pas par G mais avec au moins un G Cognac
78%
Ne commence pas par L mais avec au moins un L Cosne-Cours-sur-Loire
78%
Ne commence pas par G mais avec au moins un G Figeac
78%
Ne commence pas par L mais avec au moins un L Forcalquier
78%
Ne commence pas par G mais avec au moins un G Fougères
78%
Ne commence pas par G mais avec au moins un G Haguenau
78%
Ne commence pas par L mais avec au moins un L Morlaix
78%
Ne commence pas par G mais avec au moins un G | Ne commence pas par L mais avec au moins un L Nogent-le-Rotrou
78%
Ne commence pas par G mais avec au moins un G Nogent-sur-Marne
78%
Ne commence pas par G mais avec au moins un G Nogent-sur-Seine
78%
Ne commence pas par L mais avec au moins un L Oloron-Sainte-Marie
78%
Ne commence pas par L mais avec au moins un L Rambouillet
78%
Ne commence pas par L mais avec au moins un L Saint-Claude
78%
Ne commence pas par L mais avec au moins un L Saint-Flour
78%
Ne commence pas par G mais avec au moins un G Saint-Gaudens
78%
Ne commence pas par L mais avec au moins un L Toul
78%
Ne commence pas par G mais avec au moins un G Yssingeaux
78%
Ne commence pas par G mais avec au moins un G Bagnères-de-Bigorre
72%
Ne commence pas par G mais avec au moins un G Bergerac
72%
Ne commence pas par L mais avec au moins un L Cholet
72%
Ne commence pas par G mais avec au moins un G Draguignan
72%
Ne commence pas par L mais avec au moins un L Fontenay-le-Comte
72%
Ne commence pas par L mais avec au moins un L Mantes-la-Jolie
72%
Ne commence pas par G mais avec au moins un G Montargis
72%
Ne commence pas par L mais avec au moins un L Rethel
72%
Ne commence pas par G mais avec au moins un G | Ne commence pas par L mais avec au moins un L Saint-Germain-en-Laye
72%
Ne commence pas par G mais avec au moins un G | Ne commence pas par L mais avec au moins un L Saint-Julien-en-Genevois
72%
Ne commence pas par L mais avec au moins un L Saint-Laurent-du-Maroni
72%
Ne commence pas par L mais avec au moins un L Saint-Paul
72%
Ne commence pas par L mais avec au moins un L Sarcelles
72%
Ne commence pas par L mais avec au moins un L Sélestat
72%
Ne commence pas par L mais avec au moins un L Valenciennes
72%
Ne commence pas par L mais avec au moins un L Vitry-le-François
72%
Ne commence pas par L mais avec au moins un L Bellac
67%
Ne commence pas par L mais avec au moins un L Calais
67%
Ne commence pas par L mais avec au moins un L Chalon-sur-Saône
67%
Ne commence pas par L mais avec au moins un L Clamecy
67%
Ne commence pas par G mais avec au moins un G Largentière
67%
Ne commence pas par G mais avec au moins un G Le Vigan
67%
Ne commence pas par L mais avec au moins un L Montmorillon
67%
Ne commence pas par L mais avec au moins un L Romorantin-Lanthenay
67%
Ne commence pas par L mais avec au moins un L Thionville
67%
Ne commence pas par G mais avec au moins un G | Ne commence pas par L mais avec au moins un L Argelès-Gazost
61%
Ne commence pas par L mais avec au moins un L Avesnes-sur-Helpe
61%
Ne commence pas par L mais avec au moins un L Blaye
61%
Ne commence pas par L mais avec au moins un L Molsheim
61%
Ne commence pas par L mais avec au moins un L Montreuil-sur-Mer
61%
Ne commence pas par G mais avec au moins un G Mortagne-au-Perche
61%
Ne commence pas par G mais avec au moins un G Château-Gontier-sur-Mayenne
56%
Ne commence pas par L mais avec au moins un L Clermont
56%
Ne commence pas par L mais avec au moins un L Florac Trois Rivières
56%
Ne commence pas par G mais avec au moins un G Langon
56%
Ne commence pas par L mais avec au moins un L Palaiseau
56%
Ne commence pas par G mais avec au moins un G Saint-Dié-des-Vosges
56%
Ne commence pas par G mais avec au moins un G Saint-Georges
56%
Ne commence pas par G mais avec au moins un G Sarrebourg
56%
Ne commence pas par G mais avec au moins un G Sarreguemines
56%
Ne commence pas par L mais avec au moins un L Confolens
50%
Ne commence pas par G mais avec au moins un G Langres
50%
Ne commence pas par G mais avec au moins un G | Ne commence pas par L mais avec au moins un L Segré-en-Anjou Bleu
50%
Ne commence pas par L mais avec au moins un L Thonon-les-Bains
50%
Ne commence pas par L mais avec au moins un L Val de Briey
39%
Aucun quiz correspondant
Distribution des résultats
% des personnes avec chaque résultat
Percentile par nombre de réponses
Votre historique - résultats
Vous n’avez pas pris ce quiz